书目信息 |
| 题名: |
HTML 5网页制作全程揭秘
|
|
| 作者: | 贾勇 编著 | |
| 分册: | ||
| 出版信息: | 北京 清华大学出版社 2014 |
|
| 页数: | 387页, [8] 页图版 | |
| 开本: | 26cm | |
| 丛书名: | 网页设计殿堂之路 | |
| 单 册: | ||
| 中图分类: | TP312HT , TP312 | |
| 科图分类: | ||
| 主题词: | 超文本标记语言--Chao Wen Ben Biao Ji Yu Yan--程序设计 | |
| 电子资源: | ||
| ISBN: | 978-7-302-35985-2 | |
| 000 | 01057nam 2200289 450 | |
| 001 | 1673764085 | |
| 005 | 20142322042355.0 | |
| 010 | @a978-7-302-35985-2@dCNY59.00 | |
| 010 | @a978-7-89414-891-9@b光盘 | |
| 100 | @a20141118d2014 em y0chiy50 ea | |
| 101 | 0 | @achi |
| 102 | @aCN@b110000 | |
| 105 | @aaf z 000yy | |
| 106 | @ar | |
| 200 | 1 | @aHTML 5网页制作全程揭秘@AHTML 5 Wang Ye Zhi Zuo Quan Cheng Jie Mi@f贾勇编著 |
| 210 | @a北京@c清华大学出版社@d2014 | |
| 215 | @a387页, [8] 页图版@c图 (部分彩图)@d26cm@e光盘1片 | |
| 225 | 2 | @a网页设计殿堂之路@AWang Ye She Ji Dian Tang Zhi Lu |
| 330 | @a本书中针对HTMl5的基础知识进行介绍学习。同时以Dreamweaver为基础,讲解了CSS和javascript在HTML网页制作中的应用。同时通过案例的形式讲解了目前网页中常见的HTML应用特效。 | |
| 333 | @a编程初、中级读者 | |
| 410 | 0 | @12001 @a网页设计殿堂之路 |
| 606 | 0 | @a超文本标记语言@AChao Wen Ben Biao Ji Yu Yan@x程序设计 |
| 690 | @aTP312HT@v5 | |
| 690 | @aTP312@v4 | |
| 701 | 0 | @a贾勇@AJia Yong@4编著 |
| 801 | 0 | @aCN@b江苏新华@c20150511 |
| 905 | @aBZT@dTP312@e181 | |
| HTML 5网页制作全程揭秘/贾勇编著.-北京:清华大学出版社,2014 |
| 387页, [8] 页图版:图 (部分彩图);26cm+光盘1片.-(网页设计殿堂之路) |
| 使用对象:编程初、中级读者 |
| ISBN 978-7-302-35985-2:CNY59.00 |
| 本书中针对HTMl5的基础知识进行介绍学习。同时以Dreamweaver为基础,讲解了CSS和javascript在HTML网页制作中的应用。同时通过案例的形式讲解了目前网页中常见的HTML应用特效。 |
| ● |
| 相关链接 |
|
|
|
正题名:HTML 5网页制作全程揭秘
索取号:TP312/181
 
预约/预借
| 序号 | 登录号 | 条形码 | 馆藏地/架位号 | 状态 | 备注 |
| 1 | 800465 | 2000800465 | 第二书库/ [索取号:TP312/181] | 在馆 | |
| 2 | 800466 | 2000800466 | 第二书库/ [索取号:TP312/181] | 在馆 | |
| 3 | 800467 | 2000800467 | 第二书库/ [索取号:TP312/181] | 在馆 |